capitals - Statistics

General Stats
  • This quiz has been taken 8 times
  • The average score is 84 of 197
Answers on the Map
Answers color-coded by a green-red scale on the quiz's map according to % correct below.
 
Answer Stats
Country Capital % Correct
United states Washington
100%
China Beijing
83%
Ireland Dublin
83%
Portugal Lisbon
83%
United kingdom London
83%
Spain Madrid
83%
Mexico Mexico City
83%
Russia Moscow
83%
Canada Ottawa
83%
France Paris
83%
Sri Lanka Seoul
83%
Japan Tokyo
83%
Netherlands Amsterdam
67%
Timor leste Bangkok
67%
Germany Berlin
67%
Brazil Brasilia
67%
Egypt Cairo
67%
Austrailia Canberra
67%
Denmark Copenhagen
67%
Afghanistan Kabul
67%
Peru Lima
67%
India New Delhi
67%
Norway Oslo
67%
Italy Rome
67%
Costa Rica San Jose
67%
Sweden Stockholm
67%
Poland Warsaw
67%
Uzbekistan Abu Dhabi
50%
Paraguy Asuncion
50%
Greece Athens
50%
Iraq Baghdad
50%
Saint Kitts and Nevis Basseterre
50%
Belize Belmopan
50%
Switzerland Bern
50%
Colombia Bogota
50%
Barbados Bridgetown
50%
Bosnia and Herzegovinia Brussels
50%
Hungary Budapest
50%
Argentina Buenos Aires
50%
Venezuela Caracas
50%
Saint Lucia Castries
50%
Guyana Georgetown
50%
Guatemala Guatemala City
50%
Cuba Havana
50%
Finland Helsinki
50%
Pakistan Islamabad
50%
Indonesia Jakarta
50%
Israel Jerusalem
50%
Nepal Kathmandu
50%
Jamaica Kingston
50%
Saint Vincent and the Grenadines Kingstown
50%
Kuwait Kuwait City
50%
Ukraine Kyiv
50%
Luxembourge Luxembourg
50%
Nicaragua Managua
50%
Monaco Monaco
50%
Uruguay Montevideo
50%
bahamas Nassau
50%
Panama Panama City
50%
Suriname Paramaribo
50%
Haiti Port-au-Prince
50%
Trinidad and Tobago Port of Spain
50%
Czech Republic Prague
50%
North Korea Pyongyang
50%
Ecuador Quito
50%
Iceland Reykjavik
50%
Singapore Riyadh
50%
Dominca Roseau
50%
San Marino San Marino
50%
El Salvador San Salvador
50%
Chile Santiago
50%
Dominican Republic Santo Domingo
50%
Croatia Sofia
50%
Grenada St. George's
50%
Antigua and Barbuda St. John's
50%
Bolivia Sucre
50%
Tajikistan Taipei
50%
Honduras Tegucigalpa
50%
Iran Tehran
50%
Vatican Vatican City
50%
Belarus Vienna
50%
Laos Vientiane
50%
Nigeria Abuja
33%
Ghana Accra
33%
Ethiopia Addis Ababa
33%
Algeria Algiers
33%
Jordan Amman
33%
Austria Andorra la Vella
33%
Turkmenistan Ankara
33%
Madagascar Antananarivo
33%
Samoa Apia
33%
United Arab Emirates Ashgabat
33%
Eritrea Asmara
33%
Kazakhstan Astana
33%
Azerbaijan Baku
33%
Mali Bamako
33%
Brunei Bandar Seri Begawan
33%
Central African Republic Bangui
33%
Gambia Banjul
33%
Lebanon Beirut
33%
Serbia Belgrade
33%
Kyrgyzstan Bishkek
33%
Guinea Bissau Bissau
33%
Slovakia Bratislava
33%
Republic of the Congo Brazzaville
33%
Romania Bucharest
33%
Moldova Chisinau
33%
Guinea Conakry
33%
Senegal Dakar
33%
Taiwan Damascus
33%
Bangladesh Dhaka
33%
Djibouti Djibouti
33%
Tanzania Dodoma
33%
Saudi Arabia Doha
33%
Thailand Dushanbe
33%
Sierra Leone Freetown
33%
Tuvalu Funafuti
33%
Botswana Gaborone
33%
Yemen Hanoi
33%
Zimbabwe Harare
33%
South Sudan Juba
33%
Uganda Kampala
33%
Sudan Khartoum
33%
Rwanda Kigali
33%
Democratic Republic of the Congo Kinshasa
33%
Malaysia Kuala Lumpur
33%
Gabon Libreville
33%
Malawi Lilongwe
33%
Slovenia Ljubljana
33%
Togo Lome
33%
Angola Luanda
33%
Zambia Lusaka
33%
Marshall islands Majuro
33%
Maldives Male
33%
Bahrain Manama
33%
Qatar Manila
33%
Mozambique Maputo
33%
Lesotho Maseru
33%
Eswatini Mbabane
33%
Belgium Minsk
33%
Somalia Mogadishu
33%
Liberia Monrovia
33%
Comoros Moroni
33%
Oman Muscat
33%
Kenya Nairobi
33%
Myanmar Naypyidaw
33%
Chad N'Djamena
33%
Niger Niamey
33%
Cyprus Nicosia
33%
Mauritania Nouakchott
33%
Burkina Faso Ouagadougou
33%
Micronesia Palikir
33%
Cambodia Phnom Penh
33%
Montenegro Podgorica
33%
Mauritious Port Louis
33%
Papua New Guinea Port Moresby
33%
Benin Porto-Novo
33%
Vanuatu Port Vila
33%
Cape Verde Praia
33%
South Africa Pretoria
33%
Kosovo Pristina
33%
Morocco Rabat
33%
Latvia Riga
33%
Albania Sanaa
33%
São Tomé and Príncipe Sao Tome
33%
Bulgaria Sarajevo
33%
South Korea Singapore
33%
North Macedonia Skopje
33%
Syria Sri Jayawardenepura Kotte
33%
Fiji Suva
33%
Estonia Tallinn
33%
Vietnam Tashkent
33%
Georgia Tbilisi
33%
Bhutan Thimphu
33%
Andorra Tirana
33%
Libya Tripoli
33%
Tunisia Tunis
33%
Mongolia Ulaanbaatar
33%
Liechenstein Vaduz
33%
Malta Valletta
33%
Seychelles Victoria
33%
Lithuania Vilnius
33%
New Zealand Wellington
33%
Namibia Windhoek
33%
Ivory Coast Yamoussoukro
33%
Cameroon Yaounde
33%
Armenia Yerevan
33%
Cyprus Zagreb
33%
Turkey Dili
17%
Burundi Gitega
17%
Soloman Islands Honiara
17%
Equatorial Guinea Malabo
17%
Palau Ngerulmud
17%
Tonga Nukuʻalofa
17%
Kiribati South Tarawa
17%
Nauru Yaren
17%
Philippines Ramallah
0%
No matching quizzes found
Score Distribution
Percent of People with Each Score
Percentile by Number Answered
Your Score History
You have not taken this quiz